000 00286nam a22001337a 4500
008 181102b xxu||||| |||| 00| 0 eng d
020 _a0070373825
041 _aeng
080 _a316
100 _a50
101 _aSOC
245 _aThe elemnts Logic
_cLeviso.A.B
942 _2udc
_cBK
999 _c51579
_d51579